| 000 | 00663 a2200205 4500 | ||
|---|---|---|---|
| 001 | 59596 | ||
| 005 | 20260407155850.0 | ||
| 008 | 260407a1964 arg spa d | ||
| 003 | AR-UNSa-BCEJYS | ||
| 040 |
_aAR-UNSa-BCEJYS _bspa _cAR-UNSa-BCEJYS |
||
| 080 |
_a330.34 _xDesarrollo Económico |
||
| 245 | 1 | 0 | _aCiencia y desarrollo económico |
| 264 | 1 |
_aMadrid : _bAguilar _c1964 |
|
| 300 |
_a301 p. _c21 cm. |
||
| 505 | _a1. La situación actual del mundo – 2. Nuevos alimentos – 3. Nuevos combustibles – 4. Nuevas normas de vida | ||
| 942 | _cBK | ||
| 590 | _aniveau_biblio:m niveau_hierar:0 | ||
| 100 | 1 | _aMeier, Richard L. | |
| 700 | 1 | _aGobernado, Antonio | |
| 999 |
_c6748 _d6748 |
||